Piosenki | Wpisz brakującego Artystę #2 - Statystyki

Ogólne statystyki
  • Ten quiz został rozwiązany 223 razy
  • Średni wynik to 11 z 21
Statystyki odpowiedzi
Utwór Odpowiedź % Poprawnych
...... - Baby One More Time Britney Spears
85%
...... - Smells Like Teen Spirit Nirvana
83%
...... - Single Ladies (Put a Ring on It) Beyoncé
79%
...... - Toxic Britney Spears
79%
...... - Zombie The Cranberries
71%
...... - I Knew You Were Trouble Taylor Swift
62%
...... - Livin' La Vida Loca Ricky Martin
61%
...... ft. Sia - Titanium David Guetta
58%
Jessie J ft Ariana Grande & ...... - Bang Bang Nicki Minaj
50%
...... - Welcome To The Jungle Guns N' Roses
49%
...... ft. Marc Anthony- Rain Over Me Pitbull
49%
...... ft. Jennifer Lopez & Claudia Leitte - We Are One(Mundial 2014) Pitbull
48%
...... - Wonderwall Oasis
47%
...... - Girlfriend Avril Lavigne
44%
...... - Man Down Rihanna
43%
...... - Low Flo Rida
33%
Beyoncé ft ...... - Beautiful Liar Shakira
32%
...... ft Jamie Foxx - Gold Digger Kanye West
31%
...... - Survivor Destiny's Child
27%
...... - Rollin' Limp Bizkit
18%
Mike WiLL Made-It ft. ...... & Wiz Khalifa, & Juicy J - 23 Miley Cyrus
16%
Nie znaleziono quizów pasujących do podanych kryteriów
Rozkład punktacji
Procent ludzi z każdym wynikiem
Percentyl według liczby udzielonych odpowiedzi
Twoja historia wyników
Nie rozwiązałeś tego quizu